Reconocimiento y régimen de las "deudas de valor" en el Código Civil y Comercial (Registro nro. 18510)

Detalles MARC
000 -LEADER
fixed length control field 00356 a2200109 4500
001 - CONTROL NUMBER
control field ART_38097
005 - DATE AND TIME OF LATEST TRANSACTION
control field 20260410161738.0
008 - FIXED-LENGTH DATA ELEMENTS--GENERAL INFORMATION
fixed length control field 260409a
100 1# - MAIN ENTRY--PERSONAL NAME
Personal name Formaro, Juan J.
245 10 - TITLE STATEMENT
Title Reconocimiento y régimen de las "deudas de valor" en el Código Civil y Comercial
773 0# - HOST ITEM ENTRY
Title Doctrina laboral
Related parts - Nº 360 (ago. 2015)
Record control number REV4049

No hay ítems disponibles.